| 000 | 00417nam a22001337a 4500 | ||
|---|---|---|---|
| 082 |
_a355.009254 _bVIL _cD |
||
| 100 |
_aVIlliers Stuart J.P _949339 |
||
| 245 |
_aLetters of a one pubjab frontier force officer to his nephew _cStuart J.P viIlliers |
||
| 260 |
_aLondon : _bSifton Praed & Co Ltd, _c1925. |
||
| 300 | _avii 86 p. : | ||
| 526 |
_a0 _b0 _c0 _d355_009254000000000_VIL |
||
| 650 |
_aMCE _9379 |
||
| 942 |
_2ddc _cBK |
||
| 999 |
_c552120 _d552120 |
||